Statistics for Same but different #28

Click here to take the quiz!

General Stats

  • This quiz has been taken 21 times
  • The average score is 10 of 14

Answer Stats

CluesAnswer% Correct
The fourth letter of the alphabet (spelt out), or, the semi-circle marking on a snooker tableDee
100%
A shade of yellow or a condiment often put on a hot dogMustard
100%
The verb, meaning to sift water for gold, or alternatively is a cooking pot with a handlePan
100%
To show one's backside in public, or, a celestial body, which is in cinque with tidal flowsMoon
95%
Ache or French for breadPain
90%
A tool which prints price tickets, or, a firearmGun
85%
A large cat, or, a manufacturer of motor carJaguar
85%
Pronoun, meaning 'that which is my' , or an underground seam of valuable mineral or rockMine
75%
Someone who performs fancy stunts or, a frankfurter served in a bread rollHotdog
70%
To smack, or, a shade of brownTan
70%
Renault sold 5.5m of these, or can be Enid Blytons famous gangFive
50%
Former ITV region in England, or, a large city in SpainGranada
45%
When preceding 'up', means to increase in volume, many times, or can mean, an incline, to ride a bike overRamp
40%
A grade of cognac, or a French statesman, amongst other thingsNapoleon
25%

Score Distribution

Percentile by Number Answered

Percent of People with Each Score

Your Score History

You have not taken this quiz